000 00377nam a2200169Ia 4500
001 3753
005 20260306145706.0
008 260306t9999||||xx |||||||||||||| ||spa||
041 _aESP
082 _a302.3
_bB61
100 _aBlanchet, Alain
_eAUT
245 0 _aLa psicologĂ­a de los grupos
300 _a
_c
650 _aGEN
654 _aCED
942 _cLIB
_dJUS
_fJUS
_2ddc
_n
999 _c3753
_d3753